| 000 | 01727nam a22002657a 4500 | ||
|---|---|---|---|
| 003 | UA-OsUOA | ||
| 001 | 69606 | ||
| 007 | ta | ||
| 008 | 20100701b un ||||| |||| 00| 0 ukr d | ||
| 090 |
_a016.1:336.22(477)(091) _bД94 |
||
| 942 | _cBK | ||
| 040 |
_aUA-OsUOA _bukr _cUA-OsUOA _dUA-OsUOA |
||
| 245 |
_aДержавна податкова служба України у документах та фотографіях _cгол. ред. Буряк С. В. |
||
| 300 | _a619 с. | ||
| 955 | _a2 | ||
| 041 | _aukr | ||
| 080 | _a016.1:336.22(477)(091) | ||
| 020 | _a978-966-7889-45-6 | ||
| 520 | 3 | _aУ книзі вперше за допомогою документів і фото висвітлено історію створення та становлення податкової служби нашої Держави, презентовано колективи, які складають ДПА України, регіональні податкові служби, окрема увага приділена податківцям-ветеранам, п | |
| 520 | 3 | _aрофспілкам та Національному університету, державної податкової служби. Робота адресована діючим працівникам органів ДПС, ветеранам податкової служби, студентам профільних вузів і коледжів, а також усім, кого цікавить історія Державної податкової слу | |
| 520 | 3 | _aжби України. | |
| 260 |
_aК. _c2009 |
||
| 650 | 7 |
_a01 Бібліографія і бібліографії. Каталоги _2UDC |
|
| 999 |
_c355872 _d355872 |
||